Dictionary of textile technology / (Record no. 139162)
[ view plain ]
| 000 -LEADER | |
|---|---|
| fixed length control field | 00556nam a22001697a 4500 |
| 005 - DATE AND TIME OF LATEST TRANSACTION | |
| control field | 20170421113931.0 |
| 010 ## - LCCN (DPL NO) | |
| LC control number | ENG-117907 |
| 020 ## - INTERNATIONAL STANDARD BOOK NUMBER | |
| Terms of availability | 4880.00 |
| International Standard Book Number | 9788184844825 |
| 035 ## - SYSTEM CONTROL NUMBER | |
| System control number | EN-101439 |
| 037 ## - SOURCE OF ACQUISITION | |
| Source of stock number/acquisition | DBAD/PUB |
| 100 ## - MAIN ENTRY--PERSONAL NAME | |
| Personal name | Bhatia,A.S. |
| 245 ## - TITLE STATEMENT | |
| Title | Dictionary of textile technology / |
| Statement of responsibility, etc | by A.S.Bhatia |
| 260 ## - PUBLICATION, DISTRIBUTION, ETC. (IMPRINT) | |
| Place of publication, distribution, etc | New Delhi |
| Name of publisher, distributor, etc | Rahul Composers |
| Date of publication, distribution, etc | 2016 |
| 270 ## - ADDRESS | |
| Address | New Highway Apartments, Lakshmi Niwas 760,Pocket-D, Lok Nayak Puram, |
| City | New Delhi |
| Postal code | 110041 |
| 300 ## - PHYSICAL DESCRIPTION | |
| Extent | vii,992p.: |
| Dimensions | 24cm(Hb) |
| Other physical details | ill. |
| 942 ## - ADDED ENTRY ELEMENTS (KOHA) | |
| Source of classification or shelving scheme | Dewey Decimal Classification |
| Item type | English Books |
| Classification part | 338.4767703 |
| Call number suffix | BHA |
| Withdrawn status | Lost status | Not for loan | Collection code | Home library | Current library | Date acquired | Source of acquisition | Cost, normal purchase price | Full call number | Barcode | Copy number | Cost, replacement price | Koha item type |
|---|---|---|---|---|---|---|---|---|---|---|---|---|---|
| Not For Loan | Reference | Central Library | Central Library | 21/04/2017 | DBAD/PUB | 4880.00 | 338.4767703 BHA | EN-101439 | 1 | 4880.00 | English Books |
